Normal view
MARC view
- Adkins, E. M
Entry Personal Name
001 - CONTROL NUMBER
- control field: 41222
003 - CONTROL NUMBER IDENTIFIER
- control field: NUST
005 - DATE AND TIME OF LATEST TRANSACTION
- control field: 20210314132012.0
008 - FIXED-LENGTH DATA ELEMENTS
- fixed length control field: 210314|| aca||aabn | a|a d
040 ## - CATALOGING SOURCE
- Original cataloging agency: NUST
- Transcribing agency: NUST
100 ## - HEADING--PERSONAL NAME
- Personal name: Adkins, E. M
670 ## - SOURCE DATA FOUND
- Source citation: Work cat.: (NUST): Skrotzki, Bernhardt G. A., 41220, Electric transmission and distribution /, 1980, c1954.
